Name the Austrian cities - Sudden Death - Statistics

General Stats
  • This quiz has been taken 40 times
  • The average score is 11 of 19
Answers on the Grid
Answers color-coded by a green-red scale on the quiz's grid according to % correct below.
Bratislava
Welsh
Eisenstadt
Enns
Rosenheim
Salzburg
Kempten
Sankt Pölten
Vienna
Graz
Klagenfurt
St. Gallen
Linz
Villach
Innsbruck
Ried im Innkreis
Steyr
Davos
Meran
Bischofshofen
Maribor
Bregenz
Sopron
Körmend
Amstetten
Melk Milk :-)
Wiener Neustadt
Memmingen
Ravensburg
Dornbirn
 
Answer Stats
Answer % Correct
Salzburg
89%
Graz
83%
Vienna
83%
Linz
78%
Innsbruck
72%
Klagenfurt
72%
Eisenstadt
67%
Sankt Pölten
61%
Wiener Neustadt
61%
Bregenz
56%
Bischofshofen
50%
Villach
50%
Ried im Innkreis
44%
Dornbirn
44%
Enns
44%
Amstetten
39%
Steyr
39%
Melk Milk :-)
22%
Welsh
17%
No matching quizzes found
Score Distribution
Percent of People with Each Score
Percentile by Number Answered
Your Score History
You have not taken this quiz